000 00359 a2200169 4500
001 13676
020 _a858959808
040 _cAnchieta - Aquarius
100 _aRibeiro, Nye
240 1 0 _aDe volta para casa
_lpor
245 1 0 _aDe volta para casa
300 _a
362 0 _a2006
440 1 _aRoda Viva
650 4 _aLiteratura infantil
942 _cBK
999 _c13676
_d13676